70 years of extraordinary photography

Bibliographic Details
Format: Book
Published: Malaysia : Time Life Books , 2005
Subjects:

MARC

LEADER 00000cam a2200000 7i4500
001 0000016941
005 20080507.0
008 080428
020 |a 1933821531 
090 0 0 |a 770.1   |b YEA 
245 1 0 |a 70 years of extraordinary photography 
260 |a Malaysia :   |b Time Life Books ,   |c 2005 
650 0 |a Photography   |x Techniques 
650 0 |a Photography   |x Theory & philosophy 
999 |a 0001014436   |b Book   |c Adult Collection   |e Perbadanan Perpustakaan Awam Johor